Pokémon in Alphabetical Order - Statistics

General Stats
  • This quiz has been taken 176 times
  • The average score is 232 of 905
Answer Stats
Type Pokémon % Correct
Grass/Ice Abomasnow
94%
Psychic Abra
90%
Steel/Rock Aggron
78%
Rock/Flying Aerodactyl
76%
Dark Absol
74%
Steel/Ghost Aegislash
72%
Steel/Rock Aron
64%
Bug Accelgor
62%
Psychic Alakazam
62%
Grass/Dragon Applin
62%
Ice/Flying Articuno
62%
Water/Bug Araquanid
60%
Rock/Flying Archen
60%
Rock/Flying Archeops
60%
Dragon/Flying Altaria
58%
Grass/Dragon Appletun
58%
Rock/Ice Amaura
56%
Ice Avalugg
56%
Water/Fairy Azumarill
56%
Normal/Fairy Azurill
56%
Ghost Banette
56%
Rock/Ice Aurorus
54%
Dragon Axew
54%
Dragon Bagon
54%
Bug/Poison Beedrill
54%
Steel/Psychic Bronzong
54%
Steel/Psychic Bronzor
54%
Bug/Flying Beautifly
52%
Grass/Fighting Breloom
52%
Fire/Ground Camerupt
52%
Fire/Flying Charizard
52%
Fire Charmander
52%
Fire Charmeleon
52%
Water/Electric Chinchou
52%
Normal Aipom
50%
Fairy Alcremie
50%
Rock/Bug Anorith
50%
Electric/Ice Arctozolt
50%
Bug/Poison Ariados
50%
Fairy Aromatisse
50%
Fire/Fighting Blaziken
50%
Rock/Fairy Carbink
50%
Bug/Electric Charjabug
50%
Fire/Psychic Delphox
50%
Dragon Dragonair
50%
Dragon/Flying Dragonite
50%
Dragon Dratini
50%
Electric Electabuzz
50%
Electric Electivire
50%
Electric/Flying Emolga
50%
Normal Ambipom
48%
Grass/Poison Amoonguss
48%
Water/Ice Arctovish
48%
Ground/Psychic Baltoy
48%
Steel/Psychic Beldum
48%
Fire/Ghost Blacephalon
48%
Water Blastoise
48%
Bug/Flying Butterfree
48%
Ghost/Fire Chandelure
48%
Grass/Fighting Chesnaught
48%
Dark/Dragon Deino
48%
Ice/Flying Delibird
48%
Dragon/Ghost Drakloak
48%
Normal/Dragon Drampa
48%
Electric Elekid
48%
Fire/Fighting Emboar
48%
Ice/Ghost Froslass
48%
Water Alomomola
46%
Fire Arcanine
46%
Rock/Bug Armaldo
46%
Rock/Water Barbaracle
46%
Water/Ground Barboach
46%
Water/Ghost Basculegion
46%
Water Basculin
46%
Ice Bergmite
46%
Normal/Water Bibarel
46%
Normal Bidoof
46%
Grass/Dark Cacturne
46%
Grass Chespin
46%
Fairy Clefable
46%
Fairy Clefairy
46%
Fairy Cleffa
46%
Normal/Ground Diggersby
46%
Dragon/Ghost Dragapult
46%
Dragon/Ghost Dreepy
46%
Steel/Dragon Duraludon
46%
Electric Eelektrik
46%
Electric Eelektross
46%
Grass/Steel Ferroseed
46%
Grass/Steel Ferrothorn
46%
Electric Ampharos
44%
Poison Arbok
44%
Grass/Poison Bellsprout
44%
Normal/Fighting Bewear
44%
Dark/Steel Bisharp
44%
Electric Blitzle
44%
Grass/Poison Bulbasaur
44%
Bug/Fighting Buzzwole
44%
Grass Cacnea
44%
Rock/Fire Carkol
44%
Water/Dark Carvanha
44%
Steel/Flying Celesteela
44%
Fire Chimchar
44%
Psychic Chingling
44%
Water/Ice Cloyster
44%
Steel/Fighting Cobalion
44%
Fire/Fighting Combusken
44%
Bug/Fairy Cutiefly
44%
Water/Dragon Dracovish
44%
Electric/Dragon Dracozolt
44%
Poison/Dragon Dragalge
44%
Ghost/Flying Drifblim
44%
Ghost/Flying Drifloon
44%
Ghost/Poison Gastly
44%
Water/Ground Gastrodon
44%
Ghost/Poison Gengar
44%
Ground/Flying Gligar
44%
Ground/Flying Gliscor
44%
Normal Audino
42%
Psychic Beheeyem
42%
Rock/Water Binacle
42%
Fire Braixen
42%
Normal/Flying Braviary
42%
Water/Psychic Bruxish
42%
Normal Buneary
42%
Normal Bunnelby
42%
Psychic Chimecho
42%
Ground/Psychic Claydol
42%
Water Corphish
42%
Flying/Steel Corviknight
42%
Flying Corvisquire
42%
Fighting/Ice Crabominable
42%
Poison/Fighting Croagunk
42%
Poison/Flying Crobat
42%
Fire Darmanitan
42%
Electric/Fairy Dedenne
42%
Ghost/Grass Dhelmise
42%
Rock/Fairy Diancie
42%
Poison/Dark Drapion
42%
Bug/Steel Durant
42%
Electric Electrike
42%
Water/Steel Empoleon
42%
Fire/Flying Fletchinder
42%
Normal/Flying Fletchling
42%
Ghost/Poison Haunter
42%
Fighting/Flying Hawlucha
42%
Water Arrokuda
40%
Rock/Steel Bastiodon
40%
Ice Beartic
40%
Bug Blipbug
40%
Rock Boldore
40%
Grass/Poison Budew
40%
Bug Cascoon
40%
Psychic/Grass Celebi
40%
Bug/Flying Combee
40%
Water/Rock Corsola
40%
Bug/Rock Crustle
40%
Ice Cryogonal
40%
Fire Darumaka
40%
Steel/Dragon Dialga
40%
Steel/Ghost Doublade
40%
Bug/Rock Dwebble
40%
Normal Eevee
40%
Psychic Elgyem
40%
Poison/Dragon Eternatus
40%
Fire Flareon
40%
Ground/Dragon Flygon
40%
Water/Ghost Frillish
40%
Poison/Flying Golbat
40%
Rock/Ground Golem
40%
Dark/Fairy Grimmsnarl
40%
Bug/Fighting Heracross
40%
Fighting Hitmonchan
40%
Fighting Hitmonlee
40%
Fighting Hitmontop
40%
Grass/Flying Hoppip
40%
Dark/Fire Houndoom
40%
Dark/Fire Houndour
40%
Normal Arceus
38%
Psychic Azelf
38%
Water Barraskewda
38%
Normal Blissey
38%
Psychic/Grass Calyrex
38%
Water/Rock Carracosta
38%
Rock/Fire Coalossal
38%
Fighting Crabrawler
38%
Rock/Grass Cradily
38%
Flying/Water Cramorant
38%
Water/Dark Crawdaunt
38%
Ice Cubchoo
38%
Grass/Flying Dartrix
38%
Normal/Grass Deerling
38%
Water/Ice Dewgong
38%
Water/Bug Dewpider
38%
Ground Diglett
38%
Dragon Druddigon
38%
Ghost Dusclops
38%
Ghost Dusknoir
38%
Ghost Duskull
38%
Fairy/Flying Enamorus
38%
Psychic Espurr
38%
Grass/Psychic Exeggcute
38%
Grass/Psychic Exeggutor
38%
Normal/Flying Fearow
38%
Grass/Dragon Flapple
38%
Ice/Bug Frosmoth
38%
Dragon/Ground Gabite
38%
Bug/Electric Galvantula
38%
Dragon/Ground Garchomp
38%
Psychic/Fairy Gardevoir
38%
Rock/Ground Geodude
38%
Dragon/Ground Gible
38%
Ice Glalie
38%
Grass/Poison Gloom
38%
Ground/Ghost Golurk
38%
Ghost/Grass Gourgeist
38%
Dark/Dragon Guzzlord
38%
Dragon/Fighting Hakamo-o
38%
Dark/Dragon Hydreigon
38%
Normal/Fairy Igglybuff
38%
Bug/Electric Joltik
38%
Grass/Flying Jumpluff
38%
Dragon/Fighting Kommo-o
38%
Grass Bayleef
36%
Grass Bellossom
36%
Electric Boltund
36%
Water Brionne
36%
Water Buizel
36%
Bug Burmy
36%
Fire/Bug Centiskorch
36%
Normal Chansey
36%
Normal/Flying Chatot
36%
Grass Cherrim
36%
Grass Cherubi
36%
Grass Chikorita
36%
Water Clamperl
36%
Steel Copperajah
36%
Grass/Fairy Cottonee
36%
Steel Cufant
36%
Normal/Flying Dodrio
36%
Normal/Flying Doduo
36%
Electric Electrode
36%
Bug/Steel Escavalier
36%
Ground/Steel Excadrill
36%
Fire Fennekin
36%
Fairy Flabébé
36%
Fairy Floette
36%
Dragon Fraxure
36%
Normal/Psychic Girafarig
36%
Ghost/Dragon Giratina
36%
Ice Glaceon
36%
Ground/Ghost Golett
36%
Psychic Gothita
36%
Psychic Gothitelle
36%
Psychic Gothorita
36%
Rock/Ground Graveler
36%
Fire/Steel Heatran
36%
Dark/Fairy Impidimp
36%
Fire/Fighting Infernape
36%
Water/Ghost Jellicent
36%
Steel/Psychic Jirachi
36%
Ice/Psychic Jynx
36%
Ghost/Fire Lampent
36%
Fire/Normal Litleo
36%
Ghost/Fire Litwick
36%
Fighting Clobbopus
34%
Ghost Cofagrigus
34%
Dark Darkrai
34%
Grass/Ghost Decidueye
34%
Bug/Psychic Dottler
34%
Psychic Drowzee
34%
Ground Dugtrio
34%
Bug/Poison Dustox
34%
Poison Ekans
34%
Psychic Espeon
34%
Normal/Flying Farfetch’d
34%
Fairy Florges
34%
Grass/Poison Foongus
34%
Bug/Steel Forretress
34%
Water Froakie
34%
Water Frogadier
34%
Psychic/Fighting Gallade
34%
Water/Dark Greninja
34%
Poison Grimer
34%
Water/Flying Gyarados
34%
Dragon Haxorus
34%
Fire Heatmor
34%
Electric/Normal Heliolisk
34%
Electric/Normal Helioptile
34%
Dark/Flying Honchkrow
34%
Normal/Flying Hoothoot
34%
Fire/Dark Incineroar
34%
Psychic/Normal Indeedee
34%
Rock/Water Kabuto
34%
Rock/Water Kabutops
34%
Water/Fighting Keldeo
34%
Water/Dragon Kingdra
34%
Steel Klang
34%
Steel Klink
34%
Steel Klinklang
34%
Dragon/Ice Kyurem
34%
Steel/Rock Lairon
34%
Water/Electric Lanturn
34%
Water/Ice Lapras
34%
Bug/Fire Larvesta
34%
Dragon/Psychic Latias
34%
Dragon/Psychic Latios
34%
Water/Grass Lombre
34%
Fighting/Steel Lucario
34%
Water/Grass Ludicolo
34%
Psychic/Flying Lugia
34%
Grass Carnivine
32%
Normal Castform
32%
Bug Caterpie
32%
Water Clauncher
32%
Fairy Comfey
32%
Water Croconaw
32%
Ground Donphan
32%
Water/Rock Drednaw
32%
Ground Drilbur
32%
Water/Flying Ducklett
32%
Normal Exploud
32%
Fighting Falinks
32%
Water Finneon
32%
Poison Garbodor
32%
Normal Glameow
32%
Ice Glastrier
32%
Water Goldeen
32%
Bug/Water Golisopod
32%
Psychic Hatenna
32%
Psychic/Fairy Hatterene
32%
Psychic Hattrem
32%
Steel/Ghost Honedge
32%
Fire/Flying Ho-Oh
32%
Psychic/Ghost Hoopa
32%
Water Huntail
32%
Dark/Psychic Inkay
32%
Dragon Jangmo-o
32%
Normal/Fairy Jigglypuff
32%
Electric Jolteon
32%
Grass/Steel Kartana
32%
Psychic/Fairy Kirlia
32%
Steel/Fairy Klefki
32%
Ground/Dark Krokorok
32%
Ground/Dark Krookodile
32%
Ground/Flying Landorus
32%
Bug/Flying Ledian
32%
Bug/Flying Ledyba
32%
Fire Litten
32%
Water/Grass Lotad
32%
Fighting Machamp
32%
Fighting Machoke
32%
Fighting Machop
32%
Fire/Rock Magcargo
32%
Electric/Steel Magnemite
32%
Electric/Steel Magneton
32%
Electric/Steel Magnezone
32%
Rock Bonsly
30%
Water Chewtle
30%
Ground Cubone
30%
Fire Cyndaquil
30%
Normal Dunsparce
30%
Ice Eiscue
30%
Fire Entei
30%
Water Feraligatr
30%
Bug/Steel Genesect
30%
Rock Gigalith
30%
Water Gorebyss
30%
Fighting Grapploct
30%
Grass Grotle
30%
Grass/Poison Ivysaur
30%
Psychic Kadabra
30%
Bug/Poison Kakuna
30%
Bug/Rock Kleavor
30%
Poison Koffing
30%
Bug/Grass Leavanny
30%
Fire Magby
30%
Steel/Fairy Magearna
30%
Fire Magmar
30%
Fire Magmortar
30%
Ice/Ground Mamoswine
30%
Fighting/Psychic Medicham
30%
Fighting/Psychic Meditite
30%
Psychic/Fairy Mr. Mime
30%
Grass Bounsweet
28%
Water Clawitzer
28%
Fighting Conkeldurr
28%
Psychic Cosmoem
28%
Psychic Cosmog
28%
Water Dewott
28%
Water Floatzel
28%
Grass Fomantis
28%
Water Golduck
28%
Dragon Goodra
28%
Dragon Goomy
28%
Grass Grovyle
28%
Fire Growlithe
28%
Ground Hippopotas
28%
Ground Hippowdon
28%
Bug Illumise
28%
Rock/Ground Larvitar
28%
Rock/Grass Lileep
28%
Psychic/Ghost Lunala
28%
Rock/Psychic Lunatone
28%
Rock Lycanroc
28%
Water Magikarp
28%
Dark/Psychic Malamar
28%
Poison/Water Mareanie
28%
Steel/Psychic Metagross
28%
Steel/Psychic Metang
28%
Psychic/Fairy Mime Jr.
28%
Fire/Fighting Monferno
28%
Dark/Fairy Morgrem
28%
Electric/Dark Morpeko
28%
Ice/Psychic Mr. Rime
28%
Poison/Dragon Naganadel
28%
Psychic/Flying Natu
28%
Poison/Ground Nidoking
28%
Poison/Ground Nidoqueen
28%
Poison Nidoran
28%
Rock Cranidos
26%
Ghost Cursola
26%
Water Drizzile
26%
Psychic Duosion
26%
Grass Eldegoss
26%
Normal Furret
26%
Grass Grookey
26%
Ground Groudon
26%
Psychic Grumpig
26%
Fighting Gurdurr
26%
Fighting Hariyama
26%
Psychic Hypno
26%
Bug Karrablast
26%
Normal Komala
26%
Bug Kricketot
26%
Bug Kricketune
26%
Dark Liepard
26%
Dark/Flying Mandibuzz
26%
Water/Fairy Marill
26%
Fighting/Ghost Marshadow
26%
Ghost/Fairy Mimikyu
26%
Rock/Flying Minior
26%
Fire/Flying Moltres
26%
Grass/Fairy Morelull
26%
Dark/Flying Murkrow
26%
Poison Nidoran
26%
Poison Nidorina
26%
Poison Nidorino
26%
Flying/Dragon Noibat
26%
Flying/Dragon Noivern
26%
Rock/Water Omanyte
26%
Rock/Water Omastar
26%
Bug/Psychic Orbeetle
26%
Fire/Flying Oricorio
26%
Water/Dragon Palkia
26%
Ghost/Ground Palossand
26%
Fighting Pancham
26%
Fighting/Dark Pangoro
26%
Normal Cinccino
24%
Fire Cinderace
24%
Psychic Cresselia
24%
Psychic Deoxys
24%
Water Feebas
24%
Electric Flaaffy
24%
Normal Furfrou
24%
Grass Gossifleur
24%
Normal Greedent
24%
Poison Gulpin
24%
Normal Gumshoos
24%
Normal Kangaskhan
24%
Grass Leafeon
24%
Grass Lilligant
24%
Water/Ground Marshtomp
24%
Bug/Flying Masquerain
24%
Steel/Fairy Mawile
24%
Steel Melmetal
24%
Normal/Psychic Meloetta
24%
Ground Mudbray
24%
Water Mudkip
24%
Ground Mudsdale
24%
Bug/Ground Nincada
24%
Fire Ninetales
24%
Bug/Flying Ninjask
24%
Normal/Flying Noctowl
24%
Fire/Ground Numel
24%
Grass/Dark Nuzleaf
24%
Grass/Poison Oddish
24%
Normal/Psychic Oranguru
24%
Water/Ground Palpitoad
24%
Dark/Steel Pawniard
24%
Water/Flying Pelipper
24%
Normal/Flying Pidgeot
24%
Normal/Flying Pidgeotto
24%
Normal/Flying Pidgey
24%
Fire/Fighting Pignite
24%
Normal Delcatty
22%
Fairy Granbull
22%
Normal Herdier
22%
Water Horsea
22%
Water Kingler
22%
Fighting Makuhita
22%
Electric Manectric
22%
Fighting Mankey
22%
Water/Flying Mantine
22%
Water/Flying Mantyke
22%
Steel Meltan
22%
Fighting Mienfoo
22%
Fighting Mienshao
22%
Normal Minccino
22%
Electric Minun
22%
Bug/Flying Mothim
22%
Rock Nosepass
22%
Dark/Normal Obstagoon
22%
Rock/Ground Onix
22%
Bug/Grass Paras
22%
Bug/Grass Parasect
22%
Ghost/Grass Phantump
22%
Normal/Flying Pidove
22%
Water Politoed
22%
Water Poliwag
22%
Water Poliwhirl
22%
Water/Fighting Poliwrath
22%
Dragon/Ground Zygarde
22%
Normal Bouffalant
20%
Normal Ditto
20%
Grass Gogoat
20%
Bug Grubbin
20%
Normal Happiny
20%
Normal Kecleon
20%
Water Krabby
20%
Water Kyogre
20%
Normal Lickilicky
20%
Normal Lickitung
20%
Normal Lopunny
20%
Normal Loudred
20%
Water Lumineon
20%
Grass Lurantis
20%
Grass Maractus
20%
Electric Mareep
20%
Ground Marowak
20%
Bug Metapod
20%
Fairy Milcery
20%
Water Milotic
20%
Ghost Misdreavus
20%
Ghost Mismagius
20%
Rock/Poison Nihilego
20%
Bug/Fighting Pheromosa
20%
Ice/Ground Piloswine
20%
Fire/Normal Pyroar
20%
Water/Ground Quagsire
20%
Water/Poison Qwilfish
20%
Dragon/Flying Rayquaza
20%
Ground/Rock Rhydon
20%
Ground/Rock Rhyhorn
20%
Ground/Rock Rhyperior
20%
Bug/Fairy Ribombee
20%
Normal Dubwool
18%
Water Inteleon
18%
Fighting Kubfu
18%
Normal Lillipup
18%
Normal Linoone
18%
Electric Luxio
18%
Electric Luxray
18%
Grass Meganium
18%
Psychic Meowstic
18%
Normal Meowth
18%
Psychic Mesprit
18%
Psychic Mew
18%
Psychic Mewtwo
18%
Normal Miltank
18%
Poison Muk
18%
Water Oshawott
18%
Dark/Poison Overqwil
18%
Electric Pachirisu
18%
Fighting Passimian
18%
Normal Persian
18%
Ground Phanpy
18%
Electric Pikachu
18%
Normal/Flying Pikipek
18%
Electric Pincurchin
18%
Water/Fairy Primarina
18%
Rock/Steel Probopass
18%
Ghost/Grass Pumpkaboo
18%
Water Pyukumuku
18%
Fire Quilava
18%
Psychic/Fairy Ralts
18%
Rock Rockruff
18%
Electric/Ghost Rotom
18%
Dark/Ghost Sableye
18%
Poison/Fire Salandit
18%
Poison/Fire Salazzle
18%
Electric/Flying Zapdos
18%
Dark Zoroark
18%
Dark Zorua
18%
Dark/Dragon Zweilous
18%
Water Luvdisc
16%
Water Manaphy
16%
Normal Munchlax
16%
Psychic Munna
16%
Psychic Musharna
16%
Psychic Necrozma
16%
Dark Nickit
16%
Water Panpour
16%
Grass Pansage
16%
Fire Pansear
16%
Steel Perrserker
16%
Grass Petilil
16%
Electric Pichu
16%
Bug Pineco
16%
Bug Pinsir
16%
Poison Poipole
16%
Water Popplio
16%
Fighting Primeape
16%
Rock/Ground Pupitar
16%
Grass Quilladin
16%
Electric Raichu
16%
Electric Raikou
16%
Rock Rampardos
16%
Normal Raticate
16%
Normal Rattata
16%
Ice Regice
16%
Dragon Regidrago
16%
Electric Regieleki
16%
Normal Regigigas
16%
Rock Regirock
16%
Steel Registeel
16%
Rock Roggenrola
16%
Grass/Flying Rowlet
16%
Ground/Ghost Runerigus
16%
Dragon/Flying Salamence
16%
Ground/Dark Sandile
16%
Ghost/Ground Sandygast
16%
Bug/Steel Scizor
16%
Dark/Flying Yveltal
16%
Poison/Flying Zubat
16%
Dark Mightyena
14%
Water Octillery
14%
Normal Patrat
14%
Water Phione
14%
Water Piplup
14%
Electric Plusle
14%
Ghost Polteageist
14%
Fire Ponyta
14%
Dark Poochyena
14%
Fire Rapidash
14%
Water/Rock Relicanth
14%
Dragon/Fire Reshiram
14%
Fighting Riolu
14%
Rock Rolycoly
14%
Flying Rookidee
14%
Grass/Poison Roselia
14%
Normal/Flying Rufflet
14%
Normal/Grass Sawsbuck
14%
Bug/Poison Scolipede
14%
Dark/Fighting Scrafty
14%
Dark/Fighting Scraggy
14%
Normal Ursaring
14%
Bug/Flying Yanma
14%
Bug/Flying Yanmega
14%
Normal Porygon
12%
Normal Porygon2
12%
Normal Porygon-Z
12%
Water Prinplup
12%
Dark Purrloin
12%
Normal Purugly
12%
Fire Raboot
12%
Psychic Reuniclus
12%
Grass Rillaboom
12%
Grass/Poison Roserade
12%
Water Samurott
12%
Ground Sandaconda
12%
Ground Sandshrew
12%
Ground Sandslash
12%
Fighting Sawk
12%
Grass Sceptile
12%
Bug/Flying Scyther
12%
Grass/Fairy Tapu Bulu
12%
Water/Fairy Tapu Fini
12%
Electric/Fairy Tapu Koko
12%
Psychic/Fairy Tapu Lele
12%
Water/Poison Tentacool
12%
Water/Poison Tentacruel
12%
Ghost/Grass Trevenant
12%
Fire/Dragon Turtonator
12%
Rock/Dark Tyranitar
12%
Rock/Dragon Tyrantrum
12%
Rock/Dragon Tyrunt
12%
Normal/Flying Unfezant
12%
Ground/Normal Ursaluna
12%
Ice Vanillish
12%
Ice Vanillite
12%
Ice Vanilluxe
12%
Bug/Electric Vikavolt
12%
Fairy Xerneas
12%
Electric Xurkitree
12%
Water Psyduck
10%
Water Remoraid
10%
Bug Scatterbug
10%
Fire Scorbunny
10%
Ice/Water Sealeo
10%
Bug/Ghost Shedinja
10%
Grass/Dark Shiftry
10%
Psychic/Flying Sigilyph
10%
WaterPsychic Slowbro
10%
Water/Psychic Slowking
10%
Water/Psychic Slowpoke
10%
Fire/Flying Talonflame
10%
Fighting Tyrogue
10%
Dark Umbreon
10%
Bug/Poison Venomoth
10%
Bug/Poison Venonat
10%
Grass/Poison Venusaur
10%
Grass/Fighting Virizion
10%
Psychic/Flying Xatu
10%
Ghost Yamask
10%
Dragon/Electric Zekrom
10%
Water Seadra
8%
Water Seaking
8%
Grass Seedot
8%
Water Seel
8%
Water/Ground Seismitoad
8%
Normal Sentret
8%
Grass Serperior
8%
Grass Servine
8%
Poison Seviper
8%
Bug/Grass Sewaddle
8%
Water/Dark Sharpedo
8%
Grass Shaymin
8%
Dragon Shelgon
8%
Water Shellder
8%
Water Shellos
8%
Bug Shelmet
8%
Rock/Steel Shieldon
8%
Grass/Fairy Shiinotic
8%
Electric Shinx
8%
Grass Shroomish
8%
Bug/Rock Shuckle
8%
Ghost Shuppet
8%
Bug Silcoon
8%
Ground Silicobra
8%
Normal Silvally
8%
Grass/Flying Skiploom
8%
Poison/Bug Skorupi
8%
Poison/Water Skrelp
8%
Ice/Psychic Smoochum
8%
Ice/Bug Snom
8%
Normal Snorlax
8%
Ice Snorunt
8%
Grass/Ice Snover
8%
Normal/Flying Spearow
8%
Ice/Water Spheal
8%
Normal Spinda
8%
Ghost/Dark Spiritomb
8%
Normal/Flying Staraptor
8%
Normal/Flying Staravia
8%
Normal/Flying Starly
8%
Water/Psychic Starmie
8%
Water Staryu
8%
Steel/Ground Steelix
8%
Grass Steenee
8%
Poison/Dark Stunky
8%
Water Suicune
8%
Bug/Water Surskit
8%
Normal/Flying Swablu
8%
Bug/Grass Swadloon
8%
Poison Swalot
8%
Normal/Flying Swellow
8%
Ice/Ground Swinub
8%
Normal/Flying Taillow
8%
Grass Tangela
8%
Grass Tangrowth
8%
Normal Teddiursa
8%
Fire Tepig
8%
Fighting Throh
8%
Electric/Flying Thundurus
8%
Fire Torkoal
8%
Flying Tornadus
8%
Electric/Poison Toxel
8%
Poison/Fighting Toxicroak
8%
Electric/Poison Toxtricity
8%
Grass/Flying Tropius
8%
Electric Tynamo
8%
Fire Typhlosion
8%
Psychic Unown
8%
Fighting/Dark Urshifu
8%
Water Vaporeon
8%
Ground/Dragon Vibrava
8%
Grass/Poison Victreebel
8%
Grass/Poison Vileplume
8%
Fire/Water Volcanion
8%
Bug/Fire Volcarona
8%
Water Wailmer
8%
Water Wailord
8%
Ice/Water Walrein
8%
Water Wartortle
8%
Psychic Wobbuffet
8%
Bug/Grass Wormadam
8%
Bug Wurmple
8%
Psychic Wynaut
8%
Fighting Zamazenta
8%
Dark/Grass Zarude
8%
Electric Zeraora
8%
Water Simipour
6%
Grass Simisage
6%
Fire Simisear
6%
Ghost Sinistea
6%
Fighting Sirfetch'd
6%
Fire/Bug Sizzlipede
6%
Steel/Flying Skarmory
6%
Grass Skiddo
6%
Normal Skitty
6%
Poison/Dark Skuntank
6%
Normal Skwovet
6%
Normal Slaking
6%
Normal Slakoth
6%
Dragon Sliggoo
6%
Fire Slugma
6%
Fairy Slurpuff
6%
Normal Smeargle
6%
Dark/Ice Sneasel
6%
Poison/Fighting Sneasler
6%
Grass Snivy
6%
Fairy Snubbull
6%
Water Sobble
6%
Psychic/Steel Solgaleo
6%
Psychic Solosis
6%
Rock/Psychic Solrock
6%
Ghost Spectrier
6%
Bug Spewpa
6%
Bug/Poison Spinarak
6%
Psychic Spoink
6%
Fairy Spritzee
6%
Water Squirtle
6%
Rock/Steel Stakataka
6%
Normal Stantler
6%
Rock Stonjourner
6%
Normal Stoutland
6%
Normal/Fighting Stufful
6%
Ground/Electric Stunfisk
6%
Rock Sudowoodo
6%
Grass Sunflora
6%
Grass Sunkern
6%
Water/Ground Swampert
6%
Water/Flying Swanna
6%
Fairy Swirlix
6%
Psychic/Flying Swoobat
6%
Fairy Sylveon
6%
Normal Tauros
6%
Rock/Fighting Terrakion
6%
Dark Thievul
6%
Grass Thwackey
6%
Water/Rock Tirtouga
6%
Electric/Steel Togedemaru
6%
Fairy/Flying Togekiss
6%
Fairy Togepi
6%
Fairy/Flying Togetic
6%
Fire Torracat
6%
Grass/Ground Torterra
6%
Normal/Flying Toucannon
6%
Normal/Flying Tranquill
6%
Ground Trapinch
6%
Grass Treecko
6%
Water Tympole
6%
Bug/Poison Venipede
6%
Bug/Flying Vespiquen
6%
Bug/Flying Vivillon
6%
Bug Volbeat
6%
Water/Ground Whiscash
6%
Water/Flying Wingull
6%
Normal/Psychic Wyrdeer
6%
Electric Yamper
6%
Fairy Zacian
6%
Normal Zangoose
6%
Electric Zebstrika
6%
Normal Zigzagoon
6%
Fighting Timburr
4%
Water Totodile
4%
Poison/Water Toxapex
4%
Poison Trubbish
4%
Normal/Flying Trumbeak
4%
Grass Tsareena
4%
Grass Turtwig
4%
Normal Type: Null
4%
Psychic/Fire Victini
4%
Normal Vigoroth
4%
Electric Voltorb
4%
Bug/Poison Weedle
4%
Bug/Poison Whirlipede
4%
Normal Whismur
4%
Normal/Fairy Wigglytuff
4%
Water Wishiwashi
4%
Psychic/Flying Woobat
4%
Water/Ground Wooper
4%
Fire Torchic
2%
Psychic Uxie
2%
Dark/Flying Vullaby
2%
Fire Vulpix
2%
Dark/Ice Weavile
2%
Poison Weezing
2%
Grass/Fairy Whimsicott
2%
Bug/Water Wimpod
2%
Normal Yungoos
2%
Normal Watchog
0%
Grass/Poison Weepinbell
0%
Normal Wooloo
0%
No matching quizzes found
Score Distribution
Percent of People with Each Score
Percentile by Number Answered
Your Score History
You have not taken this quiz